|
|
|
|
| LEADER |
00694nab a2200181 i 4500 |
| 001 |
misc2176 |
| 005 |
20191106141451.0 |
| 008 |
170607s1982 hu o 0|| hun d |
| 022 |
|
|
|a 0865-4093
|
| 040 |
|
|
|a SZTE Miscellanea Repozitórium
|b hun
|
| 041 |
|
|
|a hun
|
| 100 |
1 |
|
|a Csonka Dénes
|
| 245 |
1 |
3 |
|a Az optimista alternativa [!alternatíva] körvonalai
|h [elektronikus dokumentum] :
|b Magyarország illirizálása [!illírizálása] /
|c Csonka Dénes
|
| 260 |
|
|
|c 1982
|
| 300 |
|
|
|a 53-63
|
| 490 |
0 |
|
|a Beszélő : politikai és kulturális folyóirat
|v 5-6
|
| 695 |
|
|
|a Társadalomtudomány, Politikatudomány
|
| 856 |
4 |
0 |
|u http://misc.bibl.u-szeged.hu/2176/1/beszelo_005_006_053-063.pdf
|z Dokumentum-elérés
|